| 000 | 00567nam a2200193Ia 4500 | ||
|---|---|---|---|
| 003 | GCL | ||
| 008 | 140319s9999 xx 000 0 ara d | ||
| 040 |
_aGCL / _cGCL |
||
| 082 | 0 | 4 |
_a791.437 _bس س |
| 100 | 1 | _aسمير فريد | |
| 245 | 1 | 0 |
_aسينما القهر وسينما التحرير / _cسمير فريد |
| 260 |
_a[S.N] : _bالاهالى للطباعة والنشر ، _c1992 |
||
| 300 | _a126 ص | ||
| 490 | _a | ||
| 650 | 0 | 4 | _aالافلام السينمائية |
| 650 | 0 | 4 | _aالسينما |
| 650 | 0 | 4 | _aتاريخ ونقد |
| 942 |
_2ddc _cBK |
||
| 999 |
_c35658 _d35658 |
||